| 000 | 00853nam a2200289Ia 4500 | ||
|---|---|---|---|
| 001 | 57284 | ||
| 003 | CO-BoRNBP | ||
| 005 | 20250611171546.0 | ||
| 007 | ta | ||
| 008 | 180109s2010 sp g 000 0 spa | ||
| 020 | _a9788492865109 | ||
| 040 |
_aCO-BoRNBP _bspa _erda _cCO-BoRNBP |
||
| 041 | _aspa | ||
| 084 | _aN FOG1 | ||
| 100 | 1 |
_aFogwill, Rodolfo Enrique, _d1941-2010 _960219 |
|
| 245 | 1 | 4 |
_aLos pichiciegos _cRodolfo Enrique Fogwill |
| 250 | _aPrimera edición | ||
| 264 | 1 |
_aCáceres _bEditorial Periférica _c2010 |
|
| 300 |
_a215 páginas _c21 cm. |
||
| 336 |
_atexto _btxt _2rdacontent |
||
| 337 |
_asin mediación _bn _2rdamedia |
||
| 338 |
_avolumen _bnc _2rdacarrier |
||
| 490 | 0 | _aLargo recorrido ; 7 | |
| 650 | 0 | 0 |
_aNovela argentina _ySiglo XX _2LEMB _92492 |
| 650 | 0 | 0 |
_aLiteratura argentina _ySiglo XX _2LEMB _91844 |
| 942 |
_2loc _cBKLIT |
||
| 999 |
_c57284 _d57284 |
||